000 00830cam a2200265 a 4500
001 4678652
003 ARRUPE
005 20150717140111.0
008 810818s1981 maua b 000 0 eng
010 _a 81006962
020 _a0674794389
020 _a0674794397 (pbk.)
040 _aDLC
_cDLC
_dDLC
043 _aa-cc---
050 0 0 _aQ127.C5
_bN46 1981
082 0 0 _a509.51
_219
100 1 _aNeedham, Joseph,
_d1900-1995.
_918340
245 1 0 _aScience in traditional China :
_ba comparative perspective /
_cJoseph Needham.
260 _aCambridge, Mass. :
_bHarvard University Press,
_c1981.
300 _ax, 134 p. :
_bill. ;
_c24 cm.
504 _aIncludes bibliographical references.
650 0 _aScience
_zChina
_xHistory.
_918341
906 _a7
_bcbc
_corignew
_d1
_eocip
_f19
_gy-gencatlg
942 _2lcc
_cMONOGRAPH
999 _c123008
_d123008